UM Logo

Michael Vey : (Record no. 19513)

MARC details
000 -LEADER
fixed length control field 00475nam a22001457a 4500
005 - DATE AND TIME OF LATEST TRANSACTION
control field 20241205145937.0
008 - FIXED-LENGTH DATA ELEMENTS--GENERAL INFORMATION
fixed length control field 240304b ||||| |||| 00| 0 eng d
020 ## - INTERNATIONAL STANDARD BOOK NUMBER
International Standard Book Number 9781481424387
082 ## - DEWEY DECIMAL CLASSIFICATION NUMBER
Classification number DFic
Item number Ev151 2014
100 ## - MAIN ENTRY--PERSONAL NAME
Personal name Evans, Richard Paul.
9 (RLIN) 53733
245 ## - TITLE STATEMENT
Title Michael Vey :
Remainder of title hunt for jade dragon /
Statement of responsibility, etc. Richard Paul Evans.
260 ## - PUBLICATION, DISTRIBUTION, ETC. (IMPRINT)
Place of publication, distribution, etc. New York :
Name of publisher, distributor, etc. Simon& Schuster Children's Publishing,
Date of publication, distribution, etc. ©2014.
300 ## - PHYSICAL DESCRIPTION
Extent 319 pages :
Other physical details illustrations ;
Dimensions 23 cm.
942 ## - ADDED ENTRY ELEMENTS (KOHA)
Source of classification or shelving scheme Dewey Decimal Classification
Koha item type Fiction
Holdings
Withdrawn status Lost status Source of classification or shelving scheme Damaged status Not for loan Collection code Home library Current library Date acquired Source of acquisition Cost, normal purchase price Total Checkouts Full call number Barcode Date last seen Price effective from Koha item type
    Dewey Decimal Classification     Fiction UM Digos College - LIC UM Digos College - LIC 12/21/2023 Purchased 280.00   DFic Ev151 2014 28115 05/15/2025 03/04/2024 Fiction